000 00802nam a2200253Ia 4500
003 OSt
005 20220923211450.0
006 a|||||r|||| 00| 0
007 ta
008 Pun
020 _a9789350686331 (hbk)
_c250
024 _a281,604
037 _b868, 14/08/2014, H.K. Prakashan
_cTextual
040 _aARTS
_cARTS
_bPun
041 _2Pun
_aPun
082 _aO153,3NSANx, Q4
100 _aਸੰਘੇੜਾ, ਬਲਬੀਰ ਕੌਰ
245 0 _aਖੰਡਰ
260 _aਚੰਡੀਗੜ
_b ਲੋਕਗੀਤ ਪ੍ਰਕਾFਨ
_c2014
300 _a158ਪੰ
_ccm.
650 _aਪੰਜਾਬੀ ਸਾਹਿਤ
942 _hO153,3NSANx, Q4
_cTEXL
_2CC
999 _c299789
_d299789